LEADER 01136nam a2200277 i 4500 001 000000162779 003 CaOOAMICUS 005 20070709000000.0 008 070709s2006 it u000 u ita u 013 $a140143 020 $a978-88-7229-319-7 040 $aSeMil$bita 100 1 $aPapasogli, Giorgio,$d<1906-1996>.$0(OLS)http://semarc/name/15732 245 10$aFuoco in Castiglia :$bvita di Teresa d'Avila /$cGiorgio Papasogli. 260 $aRoma Morena :$bOCD,$c2006. 300 $a623 p. ;$c21 cm. 490 0 $aPresenze vive ;$v5 500 $aContiene : Bibliografia. 600 04$aTeresa : d'Avila .$0(OLS)http://semarc/subject/1985 830 0$aPresenze vive ;$v5.$0(OLS)http://semarc/title/23891 850 $aSeMil 852 $aSeMil$W1$xVenegono$y1$m3H II 184$j114104$B114104$CSeMilBibl$Z2$F125485 $81 961 $aOmaggio per recensione: Scuola Cattolica 996 $6020$a978-88-7229-319-7$9(OLS)http://semarc/number/148786 996 $6245$aFuoco in Castiglia :$bvita di Teresa d'Avila$9(OLS)http://semarc/title/232212 996 $6260$aRoma Morena :$bOCD$9(OLS)http://semarc/publisher/34185 LEADER 01275nam a2200277 i 4500 001 000000132925 003 CaOOAMICUS 005 20041222000000.0 008 041222s1968 it u000 u ita u 013 $a105942 040 $aSeMil$bita 245 10$aRuth, Esther /$cversione, introduzione, note di Sofia Cavalletti. 260 $aRoma :$bPaoline,$c1968. 300 $a85 p. ;$c18 cm. 490 0 $aNuovissima versione della Bibbia dai testi originali ;$v12 500 $aContiene : Bibliografia. - Fondo Card. C.M. Martini. 650 4$aBibbia. Antico Testamento. Ester - Commentari, studi, critica, interpretazioni.$0(OLS)http://semarc/subject/13547 650 4$aBibbia. Antico Testamento. Rut - Commentari, studi, critica, interpretazioni.$0(OLS)http://semarc/subject/6673 700 1 $aCavalletti, Sofia,$d<1917-2011>.$0(OLS)http://semarc/name/19290 830 0$aNuovissima versione della Bibbia dai testi originali ;$v12.$0(OLS)http://semarc/title/16888 850 $aSeMil 852 $aSeMil$W1$xVenegono$y1$m2V I 172$j86813$B86813$CSeMilBibl$Z2$F91436 $81 941 1 $a4 961 $aOmaggio: Martini Card. Carlo Maria 996 $6245$aRuth, Esther$9(OLS)http://semarc/title/195093 996 $6260$aRoma :$bPaoline$9(OLS)http://semarc/publisher/29686